Станция прибытия (внутренняя миграция России и ее последствия); Актуальные проблемы гуманитарных наук

Chi tiết về thư mục
Parent link:Актуальные проблемы гуманитарных наук.— 2013.— [С. 273-275]
Tác giả chính: Савельева Е. Д.
Tóm tắt:Заглавие с экрана
Ngôn ngữ:Tiếng Nga
Được phát hành: 2013
Loạt:Управление человеческими ресурсами
Những chủ đề:
Truy cập trực tuyến:http://www.lib.tpu.ru/fulltext/c/2013/C20/135.pdf
Định dạng: Điện tử Chương của sách
KOHA link:https://koha.lib.tpu.ru/cgi-bin/koha/opac-detail.pl?biblionumber=240606

MARC

LEADER 00000naa2a2200000 4500
001 240606
005 20251209093740.0
035 |a (RuTPU)RU\TPU\book\261864 
035 |a RU\TPU\book\261712 
090 |a 240606 
100 |a 20130624d2013 k y0rusy50 ca 
101 0 |a rus 
102 |a RU 
135 |a drcn ---uucaa 
181 0 |a i  
182 0 |a b 
200 1 |a Станция прибытия (внутренняя миграция России и ее последствия)  |f Е. Д. Савельева 
203 |a Текст  |c электронный 
215 |a 1 файл(324 Кб) 
225 1 |a Управление человеческими ресурсами 
300 |a Заглавие с экрана 
320 |a [Библиогр.: с. 275 (6 назв.)] 
337 |a Adobe Reader 
463 1 |0 (RuTPU)RU\TPU\book\259431  |t Актуальные проблемы гуманитарных наук  |o сборник научных трудов ХII Международной научно-практической конференции студентов, аспирантов и молодых ученых 3-6 апреля 2013 г., г. Томск  |f Национальный исследовательский Томский политехнический университет (ТПУ)  |v [С. 273-275]  |d 2013 
610 1 |a электронный ресурс 
610 1 |a труды учёных ТПУ 
610 1 |a современность 
610 1 |a Россия 
610 1 |a внутренняя миграция 
610 1 |a последствия 
700 1 |a Савельева  |b Е. Д. 
801 1 |a RU  |b 63413507  |c 20101016 
801 2 |a RU  |b 63413507  |c 20130624  |g RCR 
856 4 |u http://www.lib.tpu.ru/fulltext/c/2013/C20/135.pdf 
942 |c CF